Chanteurs par lettre. T - Statistiques

Statistiques générales
  • Ce quiz a été pris 292 fois
  • Le résultat moyen est 7 sur 15
Statistiques - réponses
Chansons Chanteurs % Correct
Le sens de la vie / Le passé Tal
97%
Cendrillon / Un autre monde Téléphone
84%
L'hymne de nos campagnes / Désolé pour hier soir Tryo
69%
Eté 90 / Hit sale Thérapie Taxi
56%
Rock your body / Can't stop the feeling Justin Timberlake
53%
Douce France / La mer Charles Trénet
52%
Stressed out / Ride Twenty one pilots
49%
Le temps / I love you Tayc
43%
Fe!n / Goosebumps Travis Scott
42%
A la faveur de l'automne / Petit escargot Tété
35%
Golden eye / The best Tina Turner
33%
Hey ho / Eternellement Tragédie
33%
Fleurs / Mami Wata Tiakola
32%
Filtré / Ounahi Timal
22%
Thug nigga / So many tears Tupac
19%
Aucun quiz correspondant
Distribution des résultats
% des personnes avec chaque résultat
Percentile par nombre de réponses
Votre historique - résultats
Vous n’avez pas pris ce quiz